[Event "10th Sharjah Cup Women 2020"]
[Site "Sharjah"]
[Date "2020.01.09"]
[Round "7.10"]
[White "Kyrkjebo, Marte B."]
[Black "Khukhashvili, Sopiko"]
[Result "0-1"]
[WhiteElo "1880"]
[BlackElo "2343"]
[Annotator "TA"]
[PlyCount "66"]
[EventDate "2020.01.04"]
[EventType "swiss"]
[EventCountry "UAE"]
[SourceTitle "playchess.com"]
[Source "ChessBase"]
[SourceQuality "1"]

{[%evp 12,66,6,4,20,0,25,20,50,26,36,4,15,7,3,4,14,-53,-43,-56,-48,-51,-37,-44,-22,-42,-23,-26,-22,-17,19,30,72,40,30,8,28,0,0,0,0,0,135,141,228,216,227,0,0,0,0,-29994,-29995,-29995,-29996,-29996,-29997]} 1. e4 c5 2. Nf3 e6 3. d3 Nc6 4. g3 d6 5. Bg2 Be7 6. O-O Nf6 7. c3 Rb8 {B30: Sicilian: 2...Nc6 3 Bb5, lines without ...g6} (7... O-O 8. Nbd2 {½-½ (8) Morozevich,A (2656)-Chigaev,M (2593) Cheliabinsk 2018}) 8. Nbd2 e5 9. b3 $146 ({Predecessor:} 9. Nc4 b5 10. Ne3 g6 11. Nd2 Bd7 12. Qe2 Qc8 13. Nd5 Bd8 14. f4 O-O 15. fxe5 Nxd5 16. exd5 Nxe5 {1-0 (26) Andrada Andrada,L (2221)-Saraiva,T (1963) Torres Vedras 2011}) 9... b6 {The position is equal.} 10. Bb2 Ba6 11. c4 Nd7 12. Re1 b5 13. Qc1 h5 14. h3 (14. h4 $11) 14... h4 $15 15. g4 Nf8 16. Nf1 Ne6 17. Ne3 Nf4 18. Qd2 Bg5 19. Nxg5 Qxg5 20. Red1 Ne7 21. Qa5 Bc8 22. Qc7 $36 {[%mdl 2048] White fights for an advantage.} Rb6 23. cxb5 {[#] a4 is the strong threat.} O-O 24. Qxa7 Rxb5 25. Qc7 Qf6 26. Nc4 Nxg2 (26... Bxg4 $1 $11 {remains equal.} 27. hxg4 h3 28. Qxd6 Ne2+ 29. Kf1 Ng3+ 30. Kg1 Ne2+ 31. Kf1 Ng3+ 32. Kg1 Ne2+) 27. Kxg2 $16 Bxg4 (27... Ng6 $16 {might work better.} 28. Qxd6 Nf4+ 29. Kf1 Nxh3 30. Qxf6 gxf6) 28. hxg4 $18 h3+ 29. Kxh3 $2 (29. Kf1 $18 Qf3 30. Bxe5 (30. Qxe7 $2 h2 $19) 30... dxe5 31. Nxe5 Qg2+ 32. Ke2) 29... Qf3+ $11 30. Kh2 Ng6 {( -> ...Nf4)} 31. Rg1 $2 {[%mdl 8192] [#]} (31. Rd2 $11 Qf4+ 32. Kh3 Qf3+ 33. Kh2 Qf4+ 34. Kh3 Qf3+ 35. Kh2) 31... Nf4 {[%csl Gf4][%cal Rf3h3] Black mates.} 32. Rg3 Qxf2+ 33. Kh1 Qxg3 {[%mdl 64] Double Attack. Accuracy: White = 40%, Black = 31%.} 0-1

[Event "10th Sharjah Cup Women 2020"]
[Site "Sharjah"]
[Date "2020.01.09"]
[Round "7.11"]
[White "Radeva, Viktoria"]
[Black "Samaganova, Alexandra"]
[Result "1-0"]
[WhiteElo "2338"]
[BlackElo "2008"]
[Annotator "TA"]
[PlyCount "67"]
[EventDate "2020.01.04"]
[EventType "swiss"]
[EventCountry "UAE"]
[SourceTitle "playchess.com"]
[Source "ChessBase"]
[SourceQuality "1"]

{[%evp 29,67,43,43,23,44,43,44,43,82,44,91,64,72,0,97,42,64,45,137,128,129,132,144,145,145,136,310,306,304,277,685,685,671,654,617,611,1127,1190,1865,1162]} 1. e4 c5 2. Nf3 e6 ({Predecessor:} 2... d6 3. Bb5+ Nd7 4. O-O Ngf6 5. Re1 a6 6. Bf1 e6 7. d4 cxd4 8. Nxd4 Be7 9. c4 O-O 10. Nc3 Qc7 11. Be3 b6 12. f3 Bb7 13. Rc1 Rac8 14. b3 Rfe8 15. Qd2 Qb8 16. Red1 Bd8 {0-1 (55) Usov,A (2012)-Tissir,M (2379) Moscow 2019}) 3. d4 cxd4 4. Nxd4 a6 5. c4 Qc7 6. Nc3 Nf6 7. Be2 b6 8. O-O Bb7 9. Qd3 d6 10. f3 Nbd7 11. Be3 Be7 12. Rac1 O-O 13. Qd2 Rac8 14. Rfd1 Qb8 15. Bf1 Rfe8 16. Qf2 $146 {B44: Sicilian: Taimanov: 5 Nb5} (16. Kh1 Bd8 17. b4 Bc7 18. h3 Ne5 19. Na4 Ba8 20. Qf2 Ned7 21. Nb3 Bc6 22. Nb2 Qa8 23. a4 a5 24. bxa5 bxa5 {1-0 (49) Castellanos Rodriguez,R (2474)-Svidler,P (2723) Moscow 2019}) 16... Bd8 17. b3 Bc7 18. g3 {White is slightly better.} Qa8 19. Bh3 g6 20. Nde2 Bc6 21. Nd4 Bb7 22. Bg5 (22. g4 $16) 22... h5 23. Qb2 Qa7 ({Black should try} 23... Bd8 $14) 24. Ncb5 axb5 25. Nxb5 {[%mdl 64] [#] Discovered Attack} Qa8 26. Bxf6 Nxf6 27. Qxf6 Qxa2 $2 (27... Qb8 $16 28. Qd4 Rcd8) 28. Nxd6 $18 Bxd6 29. Rxd6 {Intending Rd7! and mate.} Qa3 $2 (29... Bc6 30. Bxe6 Rxe6 31. Rxe6 Qxb3) 30. Rcd1 {White is clearly winning.} Bc6 {[#]} 31. Bxe6 $1 {[%mdl 512]} Rxe6 32. Rxe6 Qc5+ 33. Kg2 b5 34. Rxc6 {Accuracy: White = 43%, Black = 28%.} 1-0

[Event "10th Sharjah Cup Women 2020"]
[Site "Sharjah"]
[Date "2020.01.09"]
[Round "7.12"]
[White "Smirnova, Ekaterina"]
[Black "Boshra, Alshaeby"]
[Result "1-0"]
[WhiteElo "2249"]
[BlackElo "1979"]
[Annotator "TA"]
[PlyCount "83"]
[EventDate "2020.01.04"]
[EventType "swiss"]
[EventCountry "UAE"]
[SourceTitle "playchess.com"]
[Source "ChessBase"]
[SourceQuality "1"]

{[%evp 19,83,30,58,49,59,59,76,63,171,170,157,156,192,204,189,189,239,170,220,195,186,149,165,168,183,205,199,187,219,217,272,220,358,339,343,252,235,233,287,303,430,420,464,416,681,685,861,720,740,708,733,712,778,770,826,750,789,764,782,675,1118,1098,1437,1206,2008,1852]} 1. d4 Nf6 2. c4 g6 3. Nc3 Bg7 4. e4 d6 5. Be2 O-O 6. Nf3 Na6 7. O-O e5 8. Re1 exd4 9. Nxd4 Nc5 10. f3 c6 11. Be3 {E95: King's Indian: Classical: 7...Nbd7 8 Re1} a5 12. Qd2 Qe7 13. Rad1 {White is better.} Rd8 {[#]} (13... Nfd7 $14) 14. Nxc6 $1 $18 {[%mdl 512]} bxc6 15. Bxc5 $1 {[%mdl 64] Pin} Bf8 $146 ({Predecessor:} 15... Ne8 16. Bf2 Be6 17. Bf1 Qb7 18. b3 Nc7 {1-0 (34) Nilsen,J (2371)-Andersen,O (2054) Norway 2016}) 16. Bb6 Re8 17. Bd4 Nh5 18. Bf1 Be6 19. Bf2 a4 20. Kh1 Reb8 21. Qc2 a3 22. b3 Bg7 23. Ne2 Be5 24. g3 Qf6 25. Bg2 Ra5 (25... g5 $142 26. Be3 Kh8) 26. f4 Bg4 27. Be3 Bb2 28. Rd3 Qe7 29. Qd2 Rba8 (29... Raa8 $142 30. Rxd6 Ng7) 30. Rxd6 Be6 31. e5 f6 (31... R5a6 $142 32. Bc5 (32. Bxc6 Rxc6 33. Rxc6 Qb7 $16) 32... Qc7) 32. Bxc6 {White is clearly winning.} R8a6 33. b4 Rxc6 34. Rxc6 Ra8 35. Qd6 Qxd6 36. exd6 Rd8 37. Kg1 Ng7 38. Rd1 Bd7 39. Ra6 Re8 40. Ra7 Rxe3 41. Rxd7 Rxe2 {[#]} 42. Rxg7+ $1 {[%mdl 576] Clearance. Accuracy: White = 64%, Black = 17%.} 1-0

[Event "10th Sharjah Cup Women 2020"]
[Site "Sharjah"]
[Date "2020.01.09"]
[Round "7.13"]
[White "Greibrokk, Ingrid"]
[Black "Bykova, Anastasia"]
[Result "1/2-1/2"]
[WhiteElo "1855"]
[BlackElo "2247"]
[Annotator "TA"]
[PlyCount "63"]
[EventDate "2020.01.04"]
[EventType "swiss"]
[EventCountry "UAE"]
[SourceTitle "playchess.com"]
[Source "ChessBase"]
[SourceQuality "1"]

{[%evp 14,63,57,46,80,58,53,22,35,35,36,30,60,64,118,84,87,95,95,0,0,0,0,0,1,0,0,0,0,0,0,0,0,-200,0,0,0,0,0,0,0,0,8,0,0,0,0,0,0,0,0,0]} 1. e4 c6 2. d4 d5 3. Nd2 dxe4 4. Nxe4 Nd7 5. Nf3 Ngf6 6. Nxf6+ Nxf6 7. Bc4 e6 8. O-O c5 {B17: Caro-Kann: Modern Line (4...Nd7)} (8... Bd6 9. Bg5 Qc7 10. Re1 b5 11. Bb3 O-O 12. c3 Nd5 13. c4 bxc4 14. Bxc4 Rb8 15. b3 h6 16. Bd2 Bb7 {½-½ (100) Abarca Gonzalez,N (2418)-Henriquez Villagra,C (2508) Santiago de Chile 2019}) 9. Bg5 cxd4 10. Qxd4 Qxd4 11. Nxd4 {Hoping for Nb5.} a6 12. Rad1 b5 $146 ({Predecessor:} 12... Bd7 13. Rfe1 O-O-O 14. Nf3 Be7 15. Ne5 Be8 16. h3 h6 17. Bf4 Nd7 18. Nc6 Bc5 19. b4 b5 20. bxc5 bxc4 21. Ne7+ {1-0 (21) Smits,S (2054)-Struik,T (2244) Dieren 2006}) 13. Be2 Bb7 ({Better is} 13... Bd7 $14) 14. Bxf6 (14. Nxb5 {is more complex.} Rc8 15. Nd4 Be7 16. c4 O-O 17. Be3) 14... gxf6 15. Nxb5 $1 {And now Nc7+ would win.} Rc8 16. Nd6+ (16. Nd4 $16) 16... Bxd6 $1 $11 17. Rxd6 Rxc2 18. Rfd1 {White wants to mate with Rd8+.} O-O 19. Bxa6 Bxa6 20. Rxa6 Rxb2 {[%mdl 4096] Endgame KRR-KRR} 21. Ra7 Rc8 22. g4 Rcc2 23. Rd8+ Kg7 24. Rdd7 {The position is equal.} Rxf2 {White must now prevent ...Rg2+.} 25. Rxf7+ Kg6 26. Rg7+ Kh6 27. h4 f5 28. Raf7 Rg2+ 29. Kf1 Rgf2+ (29... fxg4 30. Rg5 $1 {[%mdl 512]} Rgf2+ 31. Rxf2 Rxf2+ 32. Kxf2 g3+ 33. Rxg3 Kh5 34. a4) 30. Kg1 Rg2+ 31. Kf1 Rgf2+ ({Inferior is} 31... fxg4 {[#]} 32. Rg5 $1 {[%mdl 512]} Rgf2+ 33. Rxf2 Rxf2+ 34. Kxf2 e5 35. a4 g3+ 36. Rxg3) 32. Kg1 {Accuracy: White = 70%, Black = 64%.} 1/2-1/2

[Event "10th Sharjah Cup Women 2020"]
[Site "Sharjah"]
[Date "2020.01.09"]
[Round "7.14"]
[White "Suleimanova, Ava"]
[Black "Shanya, Mishra"]
[Result "1-0"]
[WhiteElo "2213"]
[BlackElo "1907"]
[Annotator "TA"]
[PlyCount "136"]
[EventDate "2020.01.04"]
[EventType "swiss"]
[EventCountry "UAE"]
[SourceTitle "playchess.com"]
[Source "ChessBase"]
[SourceQuality "1"]

{[%evp 11,136,4,9,18,1,4,23,18,26,0,18,-24,-15,-18,-25,-44,-32,-47,-23,-10,-12,-10,0,0,35,40,95,98,85,92,258,247,287,185,229,262,231,179,200,193,182,173,174,50,192,171,205,-4,-14,-7,0,-26,37,0,6,-2,0,0,43,0,0,0,65,0,0,0,0,0,0,0,0,0,0,0,20,24,102,101,125,98,103,72,76,80,81,77,79,79,83,6,6,6,8,8,79,79,99,81,120,117,85,49,325,297,274,274,1168,1064,29969,29968,29959,2897,2760,2744,29970,29972,29978,6522,6510,6358,29983,29984,29984,29985,29983,29984,29986]} 1. Nf3 d5 2. g3 Nf6 3. Bg2 Bf5 4. O-O h6 5. d3 e6 6. Nbd2 Be7 7. e4 {A07: Réti Opening: New York and Capablanca Systems} (7. b3 O-O 8. Bb2 c5 9. Re1 Nc6 10. e4 Bh7 11. Ne5 Nxe5 12. Bxe5 Rc8 13. a4 b6 14. h3 Re8 15. f4 a6 16. Qe2 b5 17. axb5 axb5 {1-0 (32) Maghsoodloo,P (2584)-Van Wely,L (2675) Bandar e Anzali 2017}) 7... Bh7 8. Qe2 O-O 9. b3 $146 {White has an edge.} ({Predecessor:} 9. Re1 Nc6 10. c3 a5 11. a4 Re8 12. e5 Nd7 13. Nb3 Ncb8 14. Nfd4 Na6 15. f4 Nac5 16. Nxc5 Nxc5 17. Rd1 c6 18. Be3 {Verde,P (2477)-Baumbach,F (2436) ICCF email 2016}) 9... a5 10. a3 c6 11. e5 Nfd7 12. Bb2 b5 {[%cal Bb7b5,Bb5b4][%mdl 32]} 13. Kh1 Na6 14. Ne1 b4 15. a4 c5 16. f4 Qb6 17. g4 f6 18. Nef3 Rae8 (18... f5 $14) 19. exf6 $16 Bxf6 20. Bxf6 Nxf6 $2 (20... Rxf6 $16 21. g5 hxg5) 21. Ne5 $18 Qd6 22. Ndf3 Nd7 23. g5 $1 Bf5 24. Rg1 hxg5 25. Nxg5 {Hoping for Qh5.} Nxe5 26. fxe5 Qe7 27. Bf3 (27. Bh3 $1 $18 Bxh3 28. Nxh3) 27... g6 (27... Nb8 $14) 28. Rg3 Kg7 {[#]} 29. h4 $2 (29. Ne4 $1 $18 {[%mdl 512]}) 29... Rh8 $11 30. h5 Rh6 31. Kg2 Reh8 ({Better is} 31... Nb8 $1 $11) 32. Rh1 (32. Ne4 $5) 32... Kf8 33. Kg1 gxh5 34. Rxh5 Ke8 35. Rxh6 (35. Ne4 $5 {[%cal Re4f6]} Rxh5 36. Nf6+ (36. Bxh5+ Kd8 $14) 36... Kd8 37. Bxh5 $14) 35... Rxh6 36. Qg2 c4 (36... Qf8 $11) 37. bxc4 ({White should try} 37. dxc4 $14 Rh8 38. Qf2 (38. cxd5 exd5 39. Bxd5 Qxe5 $16)) 37... Qc5+ $1 38. Kf1 $1 b3 $1 {[%cal Rb3b2]} 39. cxb3 Bxd3+ 40. Be2 $1 Bxe2+ 41. Kxe2 Qd4 {Threatens to win with ...Rh2!} 42. Nf3 $36 {[%mdl 2048] White has good play.} Qe4+ 43. Kd2 {White threatens Rg8+ and mate.} Qf4+ (43... Rh7 $1 $11) 44. Kd1 $16 Rh1+ 45. Qxh1 {White wants to mate with Rg8+.} Qxg3 46. Qh8+ Kd7 47. Qf8 Nc7 {[#]} 48. cxd5 $1 exd5 49. Qf5+ Ne6 50. Qf7+ (50. Kc1 $16 {aiming for Qf7+.} Qg7 51. Kd1) 50... Kd8 $11 51. Qf6+ Kd7 52. Qf5 Qg2 (52... Qf2 $11 {keeps the balance.}) 53. Qd3 Qh1+ {[#]} 54. Kd2 $1 Qh6+ 55. Kc2 Nc7 56. Kb2 Qg7 $2 {[%mdl 8192]} (56... Qf4 $1 $14) 57. Qf5+ $18 Ke7 58. Nd4 {Black must now prevent Nc6+.} Qg2+ $2 (58... Qh6 59. Qc2 Qb6) 59. Ka3 {Nc6+ would kill now.} Qd2 60. Nc6+ Ke8 61. Qc8+ (61. Qg6+ $142 Kd7 62. Qd6+ Kc8 63. Ne7+ Kb8 64. Qb6+ Ka8 65. Qxc7 Qb4+ 66. Kb2 Qd2+ 67. Qc2 Qd4+ 68. Qc3) 61... Kf7 62. Qxc7+ {[%mdl 64] Double Attack} Kf8 63. Nxa5 Qd1 64. Qc5+ (64. Qd8+ $142 Kg7 65. Qf6+ Kh7 66. e6 Qc1+ 67. Kb4 Qd2+ 68. Kb5 Qh2 69. Qf7+ Kh6 70. e7 Qe2+ 71. Kc5) 64... Kg8 65. Nc6 d4 66. Nxd4 {White mates.} Qa1+ 67. Kb4 Qe1+ 68. Kb5 Kh8 {Accuracy: White = 50%, Black = 39%.} 1-0

[Event "10th Sharjah Cup Women 2020"]
[Site "Sharjah"]
[Date "2020.01.09"]
[Round "7.15"]
[White "Al-Fayyadh, Zainab Asif Abdulah"]
[Black "Drljevic, Ljilja"]
[Result "0-1"]
[WhiteElo "1646"]
[BlackElo "2193"]
[Annotator "TA"]
[PlyCount "58"]
[EventDate "2020.01.04"]
[EventType "swiss"]
[EventCountry "UAE"]
[SourceTitle "playchess.com"]
[Source "ChessBase"]
[SourceQuality "1"]

{[%evp 9,90,49,60,41,56,35,59,6,66,0,11,2,46,39,27,33,16,-45,-47,-60,-45,-111,-94,-106,-79,-244,-152,-241,-233,-231,-233,-234,-243,-244,-245,-241,-193,-190,0,-181,-113,-229,-227,-328,-333,-327,-186,-180,-181,-178,-162,-295,-291,-278,-260,-256,-231,-303,-296,-298,-298,-285,-288,-308,-307,-293,-283,-389,-376,-436,-442,-561,-560,-556,-523,-431,-366,-806,-798,-5750,-5726,-29979,-11927]} 1. e4 g6 2. d4 Bg7 3. f4 c6 4. Nf3 d5 5. e5 Nh6 6. Bd3 {B06: Modern Defence} (6. c3 f6 7. Be2 O-O 8. O-O Bg4 9. Na3 Nd7 10. Nc2 Nf5 11. Ne3 Nxe3 12. Bxe3 Qb6 13. Qd2 Bxf3 14. Bxf3 {1-0 (32) Karlsson,L (2482)-Almeida Quintana,O (2548) Badalona 2011}) 6... O-O 7. O-O f6 8. c3 ({White should play} 8. c4 $14) 8... Qb6 (8... fxe5 $11 9. Nxe5 (9. fxe5 c5 $11) 9... Bf5) 9. Nbd2 $146 (9. c4 $14) ({Predecessor:} 9. Qb3 Bg4 10. Qxb6 axb6 11. Nbd2 c5 12. Bb5 {1-0 (45) Radibratovic,P (2359)-Raicevic,M (2348) Valjevo 2010}) 9... c5 10. Kh1 Nc6 {[%cal Rc5d4]} 11. dxc5 Qxc5 {[%cal Rf6e5]} 12. Nb3 Qb6 {[%cal Rf6e5]} 13. Qe1 (13. exf6 $11 Rxf6 14. Bc2) 13... fxe5 $15 14. fxe5 Ng4 {[%cal Rc6e5]} 15. Qh4 (15. Nbd4 $15) 15... Ncxe5 $17 16. Be2 Nc4 {...Nce3 is the strong threat.} 17. Nfd4 $2 {[#]} (17. h3 $17 Nge3 18. Bxc4 Nxc4 19. Bh6) 17... Rxf1+ $19 18. Bxf1 e5 19. h3 exd4 20. hxg4 dxc3 21. bxc3 Bxc3 22. Rb1 {intending Nd2.} Qf6 23. Bg5 Qe6 $2 {[#]} (23... Qd6 $19 {Threatens to win with ...Bd7.} 24. Rd1 b5) 24. Rd1 $2 (24. Bxc4 $1 $11 dxc4 25. Rd1) 24... Ne5 (24... b5 $19 25. Nc5 Qxg4 26. Rxd5 Qxh4+ 27. Bxh4 Bf5) 25. Bh6 (25. Be2 $17 {was worth a try.}) 25... Bd7 26. Nc5 (26. Be2 {might work better.}) 26... Qxg4 27. Qxg4 Bxg4 (27... Nxg4 $142 28. Rc1 Bc6 29. Rxc3 Nxh6) 28. Rxd5 Nf7 29. Bc4 b6 {Played: Ra8-c8} 0-1

[Event "10th Sharjah Cup Women 2020"]
[Site "Sharjah"]
[Date "2020.01.09"]
[Round "7.16"]
[White "Aysha Nasser H Alshamsi"]
[Black "Babayan, Armine"]
[Result "0-1"]
[WhiteElo "1303"]
[BlackElo "2186"]
[Annotator "TA"]
[PlyCount "52"]
[EventDate "2020.01.04"]
[EventType "swiss"]
[EventCountry "UAE"]
[SourceTitle "playchess.com"]
[Source "ChessBase"]
[SourceQuality "1"]

{[%evp 31,52,37,50,0,27,0,0,-8,0,-562,-560,-555,-550,-554,-538,-636,-633,-762,-751,-29992,-29989,-29996,-29997]} 1. e4 c5 2. Nc3 Nc6 3. g3 g6 4. Bg2 Bg7 5. d3 e6 6. Be3 Nd4 7. f4 d6 8. Nf3 Ne7 9. O-O O-O 10. Bf2 Nec6 11. Nxd4 Nxd4 12. e5 dxe5 13. fxe5 Bxe5 14. Ne4 f5 15. Nxc5 Qc7 16. b4 Bg7 17. a4 {B25: Closed Sicilian: 3 g3, lines without early Be3} f4 {...f3 is the strong threat.} 18. gxf4 $146 ({Predecessor:} 18. c3 Nf5 19. g4 Nd6 20. d4 Rb8 21. Qb3 Nf7 22. Nd3 Bd7 23. Rac1 b6 24. h3 Ng5 {1-0 (61) Bohak,J (2398)-Turicnik,V ICCF email 2000}) 18... Qxf4 19. Bg3 {The position is equal.} Qe3+ 20. Bf2 $2 {[%mdl 8192]} (20. Kh1 $11 {and White is okay.}) 20... Ne2+ $19 {[%mdl 64] [#] Discovered Attack} 21. Kh1 Rxf2 22. Rxf2 Qxf2 23. Ra3 Nf4 {[%csl Gf4][%cal Rf2g2]} 24. Be4 Bd4 {Hoping for ...e5.} 25. Nxb7 e5 26. Nd6 {[#]} Bh3 $1 {[%mdl 512]} 0-1

[Event "10th Sharjah Cup Women 2020"]
[Site "Sharjah"]
[Date "2020.01.09"]
[Round "7.17"]
[White "Kiolbasa, Oliwia"]
[Black "Jalaluldeen, Kareen Kamal J."]
[Result "1/2-1/2"]
[WhiteElo "2196"]
[BlackElo "1784"]
[Annotator "TA"]
[PlyCount "88"]
[EventDate "2020.01.04"]
[EventType "swiss"]
[EventCountry "UAE"]
[SourceTitle "playchess.com"]
[Source "ChessBase"]
[SourceQuality "1"]

{[%evp 24,88,45,47,68,62,60,50,51,51,56,49,50,48,81,44,53,60,77,50,95,16,244,236,265,246,228,52,59,58,102,89,92,100,79,32,33,31,37,37,38,38,38,38,38,38,38,38,38,38,38,38,39,38,38,38,38,38,38,38,38,31,34,0,38,0,37]} 1. d4 d5 2. c4 e6 3. Nf3 Nf6 4. g3 Nbd7 5. Bg2 c6 6. Qc2 Bd6 7. O-O O-O 8. Rd1 ({Predecessor:} 8. Nbd2 e5 9. dxe5 Nxe5 10. Nxe5 Bxe5 11. Nf3 Bd6 12. Rd1 Qe7 13. cxd5 {1-0 (44) Scarella,E (2338)-Dickau,D (2154) Villa Ballester 1999}) 8... Qe7 9. Nbd2 {[%cal Bb1d2,Bd2f3,Bf3d4][%mdl 32]} e5 10. cxd5 cxd5 11. dxe5 Nxe5 12. Nxe5 Bxe5 13. Nf3 Bd6 {E01: Catalan: Early deviations} 14. Bg5 Be6 15. Nd4 $146 (15. Qc3 Rac8 16. Bxf6 gxf6 17. Qd3 Bb8 18. Qe3 Qb4 19. Rd2 Kg7 20. Rad1 Rfe8 {1-0 (54) Hausrath,D (2499)-De Wit,M (2234) Belgium 2016}) 15... h6 {White is slightly better.} 16. Bxf6 Qxf6 17. Qb3 Bc5 18. e3 Rfd8 19. Rd2 b6 20. Rad1 Rac8 21. a3 h5 22. h4 (22. Nxe6 $16 fxe6 23. e4) 22... g5 $2 (22... Bg4 $11 {and Black stays safe.}) 23. hxg5 $18 {[%mdl 64] Overworked Piece} Qxg5 24. Nxe6 fxe6 {[#]} 25. e4 $2 ({White must play} 25. Bxd5 $1 $18 {[%mdl 512]} Kg7 (25... Rxd5 26. Rxd5) 26. Bxe6 Rxd2 27. Rxd2) 25... h4 $14 26. gxh4 Qxh4 {[#]} 27. Qh3 $1 {[%cal Rh3h4]} Qxh3 28. Bxh3 Rc6 29. exd5 exd5 30. Rxd5 Rxd5 31. Rxd5 $16 {[%mdl 4096] Endgame KRB-KRB} Rf6 32. Bf5 a5 33. Kg2 Rd6 34. Rxd6 Bxd6 $14 {KB-KB} 35. Kf3 Kf7 36. Ke4 Kf6 37. Bd7 Be5 38. b3 Bb2 39. a4 Ba3 40. Kd5 Bc5 41. f4 Bf2 42. Kc6 Bd4 43. Kd5 Bf2 44. Kc6 Bd4 {Accuracy: White = 57%, Black = 53%.} 1/2-1/2

[Event "10th Sharjah Cup Women 2020"]
[Site "Sharjah"]
[Date "2020.01.09"]
[Round "7.18"]
[White "Pujari, Rucha"]
[Black "Al Ghafri, Wafia"]
[Result "1-0"]
[WhiteElo "2187"]
[BlackElo "1609"]
[Annotator "TA"]
[PlyCount "37"]
[EventDate "2020.01.04"]
[EventType "swiss"]
[EventCountry "UAE"]
[SourceTitle "playchess.com"]
[Source "ChessBase"]
[SourceQuality "1"]

{[%evp 13,37,23,52,27,46,28,79,50,87,83,88,82,85,57,59,79,281,260,357,350,409,402,400,367,371,380]} 1. d4 Nf6 2. c4 g6 3. Nf3 Bg7 4. g3 O-O 5. Bg2 c5 6. d5 d6 7. Nc3 Bf5 8. O-O {E64: King's Indian: Fianchetto: 6...c5 7 d5} Qd7 (8... Ne4 9. Nb1 Nf6 10. Nbd2 Ne4 11. Nh4 Nxd2 12. Bxd2 Bd7 13. Rb1 b5 14. b3 Na6 15. a3 Rb8 16. Qc2 Rb7 17. Rfd1 Qc7 {1-0 (37) Dubov,D (2666)-Zvjaginsev,V (2643) Sochi 2017}) 9. Re1 Bh3 (9... Ne4 $11) 10. Bh1 {White is better.} Bf5 $146 ({Predecessor:} 10... e5 11. Ng5 h6 12. Nxh3 Qxh3 13. Bg2 Qc8 14. e4 Nbd7 15. a4 Ne8 {½-½ (36) Herman,M (1724)-Prus,M (1663) Warsaw 2016}) 11. e4 Bg4 12. Qb3 e5 13. dxe6 fxe6 14. e5 Bxf3 $2 {[#]} (14... Ne8 $16 {was called for.} 15. Ng5 Nc6) 15. Bxf3 $18 Nc6 16. Bxc6 Qxc6 17. exf6 {White is winning.} Rxf6 18. Ne4 Rf5 19. Bf4 {Accuracy: White = 45%, Black = 23%.} 1-0